Les mots en français pour dire "fou" - Statistiques

Statistiques générales
  • Ce quiz a été pris 65 fois
  • Le résultat moyen est 9 sur 28
Statistiques - réponses
Indice Réponse % Correct
Rime avec Marge Barge
84%
Fou en verlan Ouf
66%
Un fou qui pourrait aussi être confondu avec quelqu'un qui a la grippe Malade
63%
Un fou qui a aussi le nom d'un canidé originaired'Australie, et d'un personnage Disney Dingo
52%
Un fou qui a des fissures, comme un vase brisé Fêlé
50%
Un fou qui s'est fait avoir par une abeille Piqué
50%
Un fou du sud de la France Fada
48%
Un fou qui pourrait être philatéliste Timbré
48%
Un fou qui pourrait être un grand chef étoilé Toqué
46%
Eddie Murphy a joué le Professeur... Foldingue
41%
Le nom usuel du prochain Dingue
39%
On aime bien jouer au Docteur... Maboul
39%
Un fou qui est capable d'éclairer une pièce Allumé
32%
Autre manière de dire le précédent Barjo(t)
32%
Le dernier synonyme de fou dans le dictionnaire Zinzin
32%
Un fou qui commence par "ch" Chtarbé
30%
Comme un type de café Frappé
30%
Un fou qui a de quoi bricoler Marteau
27%
Un fou qui frappe 2 fois à la porte Toc-toc
27%
Un fou qui est comme un vent ou un coup Cinglé
18%
Un fou qui doit avoir très froid Givré
18%
Un fou auquel on a enlevé une partie de ses roues Déjanté
14%
Un fou qui est de travers Tordu
14%
Un fou au sens clinique du terme, atteint d'un trouble de folie Dément
11%
Un fou un peu malsain, qui a un problèmede moeurs Dérangé
9%
Un fou complètement fou, peut-être le plus longde ses synonymes, qui mélange le synonyme de porter un coup et celui d'être fou Frappadingue
9%
Un fou qui ne fonctionne pas très bien Détraqué
5%
Un fou qui sait comment fonctionne un systèmed'évacuation de tuyauterie Siphonné
5%
Aucun quiz correspondant
Distribution des résultats
% des personnes avec chaque résultat
Percentile par nombre de réponses
Votre historique - résultats
Vous n’avez pas pris ce quiz